Inventory models and the problems of price fluctuations: With special reference to 'a case study of Modi steels' (Record no. 216667)

MARC details
000 -LEADER
fixed length control field 00431nam a2200145Ia 4500
008 - FIXED-LENGTH DATA ELEMENTS--GENERAL INFORMATION
fixed length control field 230917s9999||||xx |||||||||||||| ||und||
040 ## - CATALOGING SOURCE
-- 75097
Original cataloging agency VIVEKANANDA LIBRARY
041 ## - Language
-- English
082 ## - DDC NUMBER
Classification number 658.787 L15I
100 ## - MAIN ENTRY--PERSONAL NAME
Personal name Lal, A B
245 #0 - TITLE STATEMENT
Title Inventory models and the problems of price fluctuations: With special reference to 'a case study of Modi steels'
260 ## - PUBLICATION, DISTRIBUTION, ETC. (IMPRINT)
Place of publication, distribution, etc New Delhi
Name of publisher, distributor, etc Shree
Date of publication, distribution, etc 1981
300 ## - PHYSICAL DESCRIPTION
Pages xii, 179 p.
942 ## - ADDED ENTRY ELEMENTS (KOHA)
Koha item type Books
Holdings
Withdrawn status Lost status Damaged status Not for loan Location (home branch) Sublocation or collection (holding branch) Shelving location Date acquired Koha issues (times borrowed) Koha full call number Accession No. Koha date last seen Koha item type
        VIVEKANANDA LIBRARY VIVEKANANDA LIBRARY IMSAR Library 24/02/2003   658.787 L15I 80985 17/09/2023 Books
        VIVEKANANDA LIBRARY VIVEKANANDA LIBRARY   24/02/2003   658.787 L15I 81069 17/09/2023 Books
© Designed and Maintained by Vivekananda Library, MDU Rohtak